Krby /

Hlavní autor: Vlk, Václav, 1943-
Jazyk: Čeština
Vydáno: Praha : Grada, 2001
Vydání: 2., přeprac. vyd.
Edice: Profi & hobby
Témata:
Externí odkaz: Digitalizovaný dokument
Fyzický popis: 140 s. : il. ; 21 cm
Knihy
Uloženo v:
LEADER 01197nam a2200349 a 4500
001 000578686
003 CZ BrMZK
005 20091013102114.0
007 ta
008 010825s2001 xr e f cze d
015 |a cnb001033077 
020 |a 80-247-0174-X 
035 |a (OCoLC)50343235 
040 |a BOA001  |b cze 
072 7 |a 683  |x Železářství. Zámečnictví. Topná zařízení  |2 Konspekt  |9 19 
080 |a 683.93  |2 MRF 
080 |a (035)  |2 MRF 
100 1 |a Vlk, Václav,  |d 1943-  |7 ola2004220062  |4 aut 
245 1 0 |a Krby /  |c Václav Vlk 
250 |a 2., přeprac. vyd. 
260 |a Praha :  |b Grada,  |c 2001 
300 |a 140 s. :  |b il. ;  |c 21 cm 
490 1 |a Profi & hobby ;  |v 79 
504 |a Obsahuje bibliografii 
500 |a Dostupné též v digitální podobě v aplikaci Kramerius 
650 0 7 |a krby  |7 ph121935  |2 czenas 
655 7 |a příručky  |7 fd133209  |2 czenas 
830 0 |a Profi & hobby  |0 s 
856 4 1 |u http://www.digitalniknihovna.cz/mzk/uuid/uuid:9d3fb820-50df-11eb-9496-005056827e52  |y Digitalizovaný dokument  |x NDK 
910 |a BOA001  |b 2-1093.878 
990 |a BK 
996 6 |b 2610148397  |c 2-1093.878  |l MZK  |r Sklad / do 1 hodiny  |n 6  |p p.v.  |w 000578686  |u 000010  |a 1  |e BOA001  |j MZK50  |s P